| 000 | 00741pam a2200217 a 4500 | ||
|---|---|---|---|
| 001 | 726172 | ||
| 005 | 20241209160153.0 | ||
| 008 | 980424s1999 njuab b 001 0 eng | ||
| 020 | _a9780137926152 | ||
| 050 | 0 | 0 |
_aQH308.2 _b.A93 1999 |
| 082 | 0 | 0 |
_a570 _221 |
| 100 | 1 | _aAudesirk, Teresa. | |
| 245 | 1 | 0 |
_aBiology : _blife on earth / _cTeresa Audesirk, Gerald Audesirk. |
| 250 | _a5th ed. | ||
| 260 |
_aUpper Saddle River, N.J. : _bPrentice Hall, _cc1999. |
||
| 300 |
_axxxv, 892, 26, 3, 19 p. : _bill. (some col.), col. maps ; _c29 cm. + _e1 computer laser optical disc (4 3/4 in.) |
||
| 500 | _aGerald Audesirk's name appears first on the 1st-3rd eds. | ||
| 650 | 0 | _aBiology. | |
| 700 | 1 | _aAudesirk, Gerald. | |
| 942 |
_2lcc _cBK _e5th ed. _n0 |
||
| 999 |
_c2012 _d2012 |
||